000
00216 a2200097 4500
001
29982
100
_a
Army Material Command
245
_a
Reliable military electronics
260
_a
_b
AMC
_c
090
_c
19947
_d
19947
942
_a
NUST-CAE
_c
M
_c
11054
999
_c
265055
_d
265055